000 00933nam a22002777a 4500
001 7690
003 FISKH
005 20250731104631.0
008 250731b cb ||||| |||| 00| 0 eng d
040 _aFISKH
_beng
_cFISKH
_dFISKH
050 _aPZ7.C1278 H
100 _aCalhoun, Mary
245 _aHigh wind for Kansas /
_cBy Mary Calhoun
260 _aChicago :
_bScience Research Associates, Inc. ,
_c1965.
300 _a18 pages :
_bcolor illustrations ;
_c21 cm .
505 _aK
520 _aBased on a historical event, this fiction book tells about what happens in the pioneer days when a wagon fitted with a sail comes into town.
521 8 _a510
_bLexile estimate
521 8 _aK
_bRaz-Plus
650 _a19th Century
_vFiction
650 _aWestward expansion
_vFiction
650 _aAmerican history
_vFiction
700 _aBoyle, Neil
_eIllustrator
942 _2ddc
_cBK
_n0
999 _c7690
_d7690